| 000 | 00645nam a2200265Ia 4500 | ||
|---|---|---|---|
| 008 | 170712s9999 xx 000 0 und d | ||
| 020 | _a9789712718571 | ||
| 050 | _a899.21 | ||
| 050 | _bG984 2006 | ||
| 100 | _aGutierrez, Marilyn | ||
| 245 | _aGold under the bridge : | ||
| 245 | _ba story of life in the slums / | ||
| 245 | _cby Marilyn Gutierrez. | ||
| 260 | _aPhilippines : | ||
| 260 | _bAnvil, | ||
| 260 | _c2006 | ||
| 300 | _a117 pages : | ||
| 300 | _billustrations ; | ||
| 300 | _c20cm. | ||
| 650 | _aPoor families -- | ||
| 650 | _aTitle. | ||
| 650 | _aUrban poor -- | ||
| 650 | _xFiction. | ||
| 650 | _xPhilippines. | ||
| 999 |
_c340449 _d340449 |
||